[Event "RUS-chT 31th"]
[Site "Sochi"]
[Date "2024.05.10"]
[Round "9.24"]
[White "Popov, Konstantin"]
[Black "Yurasov, Matfey"]
[Result "1/2-1/2"]
[WhiteElo "2380"]
[BlackElo "2186"]
[PlyCount "132"]
[EventDate "2024.05.01"]
[EventType "team-tourn"]
[EventRounds "9"]
[EventCountry "RUS"]
[SourceTitle "CBM 220 Extra"]
[Source "ChessBase"]
[SourceDate "2024.07.31"]
[SourceVersion "1"]
[SourceVersionDate "2024.07.31"]
[SourceQuality "1"]
[WhiteTeam "Moscow Region"]
[BlackTeam "Moscow Temus"]
[WhiteTeamCountry "RUS"]
[BlackTeamCountry "RUS"]

1. e4 c6 2. d4 d5 3. e5 Bf5 4. Bd3 Bxd3 5. Qxd3 e6 6. Ne2 Qa5+ 7. Nd2 c5 8. c3 Nd7 9. 0-0 Ne7 10. b4 cxb4 11. cxb4 Qb6 12. a3 g6 13. Nf3 h6 14. b5 a6 15. Rb1 Bg7 16. a4 axb5 17. Ba3 Nc6 18. Rxb5 Qa6 19. Nf4 Na7 20. Bd6 Bf8 21. Nxg6 fxg6 22. Qxg6+ Kd8 23. Rbb1 Bxd6 24. exd6 Qxd6 25. Rxb7 Nc6 26. Rc1 Re8 27. Qxh6 Rxa4 28. h4 Rc4 29. Rxc4 dxc4 30. Qg5+ Kc8 31. Rb1 Qd5 32. Qe3 Rg8 33. Re1 Rg6 34. g3 Rf6 35. Ng5 Nxd4 36. Rc1 Ne5 37. f4 Nef3+ 38. Kf2 Ne5 39. Kg1 Nef3+ 40. Kf2 Ne5 41. Qe4 Rf5 42. Qxd5 Ng4+ 43. Kg2 exd5 44. h5 Rf8 45. Rh1 Re8 46. Ra1 c3 47. Kh3 Nb3 48. Ra2 Ne3 49. h6 Kc7 50. Nf7 c2 51. Rxc2+ Nxc2 52. g4 d4 53. Ne5 Nc5 54. g5 Rxe5 55. fxe5 Ne6 56. g6 d3 57. g7 Ng5+ 58. Kh4 d2 59. g8Q d1Q 60. Qg7+ Kc6 61. Kxg5 Nd4 62. Qf6+ Kd5 63. h7 Ne6+ 64. Kh6 Qh1+ 65. Kg6 Qe4+ 66. Kh6 Qh1+ 1/2-1/2

[Event "RUS-chT 31th"]
[Site "Sochi"]
[Date "2024.05.07"]
[Round "6.6"]
[White "Yurasov, Matfey"]
[Black "Volkov, Maksim"]
[Result "1/2-1/2"]
[WhiteElo "2186"]
[BlackElo "2340"]
[PlyCount "120"]
[EventDate "2024.05.01"]
[EventType "team-tourn"]
[EventRounds "9"]
[EventCountry "RUS"]
[SourceTitle "CBM 220 Extra"]
[Source "ChessBase"]
[SourceDate "2024.07.31"]
[SourceVersion "1"]
[SourceVersionDate "2024.07.31"]
[SourceQuality "1"]
[WhiteTeam "Moscow Temus"]
[BlackTeam "Novosibirsk GAU"]
[WhiteTeamCountry "RUS"]
[BlackTeamCountry "RUS"]

1. Nf3 d5 2. g3 Nd7 3. d4 Nb6 4. Nc3 Bf5 5. Nh4 e6 6. Bg2 Bg4 7. Qd3 Be7 8. e4 Nf6 9. 0-0 0-0 10. h3 Bh5 11. Nf3 c6 12. Ne5 Nfd7 13. g4 dxe4 14. Qe2 Bg6 15. Nxg6 hxg6 16. Nxe4 Qc7 17. Rd1 Nf6 18. Nxf6+ Bxf6 19. Qe4 Rad8 20. Bf4 Qc8 21. c3 Rfe8 22. Bg3 Be7 23. f4 Rd7 24. Re1 c5 25. dxc5 Bxc5+ 26. Kh1 Nd5 27. f5 gxf5 28. gxf5 e5 29. Re2 Bb6 30. Rae1 Nf6 31. Qc2 e4 32. Bxe4 Rde7 33. Bf3 Rxe2 34. Rxe2 Rxe2 35. Qxe2 Qxf5 36. Kg2 Qb1 37. h4 Qxa2 38. Bxb7 g6 39. Bf3 Qb1 40. b4 Kh7 41. Bf4 Ng8 42. Be4 Qg1+ 43. Kh3 Nf6 44. Bf3 Qb1 45. Be5 Nd7 46. Be4 Qc1 47. Qh5+ Qh6 48. Qxh6+ Kxh6 49. Bf4+ Kg7 50. Bc6 Nf8 51. c4 Ne6 52. Bd6 Bf2 53. Bd5 Kf6 54. c5 Nd4 55. Bb8 Be1 56. c6 Nxc6 57. Bxc6 Bxb4 58. Bxa7 Bc3 59. Kg4 Kg7 60. Kf4 Bf6 1/2-1/2

[Event "RUS-chT 31th"]
[Site "Sochi"]
[Date "2024.05.04"]
[Round "4.12"]
[White "Afanasiev, Nikita"]
[Black "Yurasov, Matfey"]
[Result "1-0"]
[WhiteElo "2541"]
[BlackElo "2186"]
[PlyCount "101"]
[EventDate "2024.05.01"]
[EventType "team-tourn"]
[EventRounds "9"]
[EventCountry "RUS"]
[SourceTitle "CBM 220 Extra"]
[Source "ChessBase"]
[SourceDate "2024.07.31"]
[SourceVersion "1"]
[SourceVersionDate "2024.07.31"]
[SourceQuality "1"]
[WhiteTeam "Moscow KPRF"]
[BlackTeam "Moscow Temus"]
[WhiteTeamCountry "RUS"]
[BlackTeamCountry "RUS"]

1. e4 c6 2. d4 d5 3. e5 Bf5 4. Nd2 e6 5. Nb3 Nd7 6. Nf3 c5 7. dxc5 Bxc5 8. Nxc5 Qa5+ 9. c3 Qxc5 10. Nd4 Ne7 11. Nb5 0-0 12. Be3 Qc6 13. f4 f6 14. Nd4 Qc7 15. exf6 Rxf6 16. Be2 Be4 17. 0-0 a6 18. Qd2 Raf8 19. Rf2 Bg6 20. Re1 Nc5 21. Qd1 Ne4 22. Rff1 Nd6 23. Bg4 Nef5 24. Kh1 Ne4 25. Nxf5 Bxf5 26. Bf3 Rh6 27. Kg1 Qe7 28. g3 Bh3 29. Bg2 Bxg2 30. Kxg2 Rf5 31. Qf3 Rg6 32. Kh1 h5 33. Rg1 Qf7 34. c4 b5 35. cxd5 exd5 36. Rd1 Qe6 37. Bd4 Ng5 38. Qxh5 Rh6 39. Qg4 Qe4+ 40. Rg2 Re6 41. h4 Rh6 42. Bc3 g6 43. Re1 Qc4 44. Re7 Qf1+ 45. Rg1 Qc4 46. Kh2 b4 47. Re5 Rxe5 48. Bxe5 Rh5 49. b3 Qc2+ 50. Rg2 Qe4 51. Qc8+ 1-0

[Event "Titled Tuesday intern op 23rd Apr Early"]
[Site "Chess.com INT"]
[Date "2024.04.23"]
[Round "3"]
[White "Lauda, Alexandr"]
[Black "Yurasov, Matfey"]
[Result "1-0"]
[WhiteElo "2198"]
[BlackElo "2219"]
[PlyCount "49"]
[EventDate "2024.04.23"]
[EventType "swiss (blitz)"]
[EventRounds "11"]
[EventCountry "USA"]
[SourceTitle "EXT 2025"]
[Source "ChessBase"]
[SourceDate "2024.10.14"]
[SourceVersion "1"]
[SourceVersionDate "2024.10.14"]
[SourceQuality "1"]

1. e4 e5 2. Nf3 Nf6 3. Nxe5 d6 4. Nxf7 Kxf7 5. Nc3 Be6 6. d4 g6 7. f4 Bg7 8. Bd3 Re8 9. 0-0 Kg8 10. d5 Bf7 11. Qf3 Nbd7 12. Be3 c6 13. Rad1 cxd5 14. exd5 Rxe3 15. Qxe3 Ng4 16. Qf3 Bd4+ 17. Kh1 Qh4 18. h3 Nf2+ 19. Kh2 Nxd1 20. Rxd1 Bxc3 21. bxc3 Qf6 22. c4 Re8 23. g4 Nc5 24. f5 g5 25. Qg3 1-0

[Event "Titled Tuesday intern op 05th Mar Early"]
[Site "Chess.com INT"]
[Date "2024.03.05"]
[Round "1"]
[White "Bolivar Losada, Jeison"]
[Black "Yurasov, Matfey"]
[Result "0-1"]
[WhiteElo "2103"]
[BlackElo "2166"]
[PlyCount "60"]
[EventDate "2024.03.05"]
[EventType "swiss (blitz)"]
[EventRounds "11"]
[EventCountry "USA"]
[SourceTitle "EXT 2025"]
[Source "ChessBase"]
[SourceDate "2024.10.14"]
[SourceVersion "1"]
[SourceVersionDate "2024.10.14"]
[SourceQuality "1"]

1. e4 e5 2. Nf3 Nf6 3. d4 Nxe4 4. dxe5 d5 5. Nbd2 Nxd2 6. Qxd2 c6 7. Qf4 h6 8. Bd3 Be6 9. Bd2 c5 10. c3 Nc6 11. Rd1 Be7 12. Qg3 g6 13. 0-0 Qc7 14. Rfe1 0-0-0 15. Bb5 a6 16. Bf1 g5 17. Bc1 Rhg8 18. a3 Rde8 19. b4 f5 20. Nd2 f4 21. Qd3 Nxe5 22. Qh7 Rh8 23. Qg7 Bd6 24. Qxc7+ Bxc7 25. bxc5 Bg4 26. f3 Bf5 27. Nb3 Bc2 28. Nd4 Bxd1 29. Rxd1 Nc4 30. a4 Ne3 0-1

[Event "Titled Tuesday intern op 05th Mar Early"]
[Site "Chess.com INT"]
[Date "2024.03.05"]
[Round "3"]
[White "Pauly, Carlo"]
[Black "Yurasov, Matfey"]
[Result "0-1"]
[WhiteElo "2311"]
[BlackElo "2166"]
[PlyCount "76"]
[EventDate "2024.03.05"]
[EventType "swiss (blitz)"]
[EventRounds "11"]
[EventCountry "USA"]
[SourceTitle "EXT 2025"]
[Source "ChessBase"]
[SourceDate "2024.10.14"]
[SourceVersion "1"]
[SourceVersionDate "2024.10.14"]
[SourceQuality "1"]

1. d4 d5 2. c4 c6 3. Nf3 Nf6 4. Nc3 dxc4 5. a4 Bf5 6. Ne5 e6 7. f3 Bb4 8. e4 Bxe4 9. fxe4 Nxe4 10. Bd2 Qxd4 11. Nxe4 Qxe4+ 12. Qe2 Bxd2+ 13. Kxd2 Qd5+ 14. Kc2 Na6 15. Nxc4 0-0 16. Qf3 Qc5 17. Qe3 Qf5+ 18. Kc3 Rfd8 19. Bd3 Qf6+ 20. Qe5 Qe7 21. Rhd1 Rd5 22. Qe4 f5 23. Qe3 Rad8 24. Be2 Nb4 25. Kb3 Na6 26. Rxd5 cxd5 27. Na3 d4 28. Qf4 Qb4+ 29. Ka2 d3 30. Qg5 Qd6 31. Rd1 Nb4+ 32. Kb3 a5 33. Nc4 Qd4 34. Bf3 Rc8 35. Rc1 d2 36. Qe7 dxc1N+ 37. Ka3 Qd3+ 38. b3 Qxb3# 0-1

[Event "Titled Tuesday intern op 05th Mar Early"]
[Site "Chess.com INT"]
[Date "2024.03.05"]
[Round "7"]
[White "Xu, Yi"]
[Black "Yurasov, Matfey"]
[Result "1-0"]
[WhiteElo "2495"]
[BlackElo "2166"]
[PlyCount "57"]
[EventDate "2024.03.05"]
[EventType "swiss (blitz)"]
[EventRounds "11"]
[EventCountry "USA"]
[SourceTitle "EXT 2025"]
[Source "ChessBase"]
[SourceDate "2024.10.14"]
[SourceVersion "1"]
[SourceVersionDate "2024.10.14"]
[SourceQuality "1"]

1. e4 e5 2. Nf3 Nf6 3. d4 Nxe4 4. dxe5 d5 5. Nbd2 Nxd2 6. Bxd2 c6 7. Bd3 Be7 8. 0-0 0-0 9. h3 Be6 10. Nd4 Bd7 11. Qh5 g6 12. Qh6 c5 13. Nf3 f6 14. Rae1 Nc6 15. exf6 Bxf6 16. Ng5 Bxg5 17. Bxg5 Qc8 18. Bxg6 hxg6 19. Qxg6+ Kh8 20. Re3 Bf5 21. Bf6+ Rxf6 22. Qxf6+ Kh7 23. Rg3 Qf8 24. Qg5 Nd4 25. Re1 Be4 26. Rg4 Nf5 27. Rf4 Re8 28. Rxf5 Bxf5 29. Qh5+ 1-0

[Event "Titled Tuesday intern op 05th Mar Early"]
[Site "Chess.com INT"]
[Date "2024.03.05"]
[Round "8"]
[White "Yurasov, Matfey"]
[Black "Solberg, Joachim Krokvik"]
[Result "1/2-1/2"]
[WhiteElo "2166"]
[BlackElo "2164"]
[PlyCount "86"]
[EventDate "2024.03.05"]
[EventType "swiss (blitz)"]
[EventRounds "11"]
[EventCountry "USA"]
[SourceTitle "EXT 2025"]
[Source "ChessBase"]
[SourceDate "2024.10.14"]
[SourceVersion "1"]
[SourceVersionDate "2024.10.14"]
[SourceQuality "1"]

1. e4 c5 2. Nf3 e6 3. d3 Nc6 4. Nbd2 g6 5. g3 Bg7 6. Bg2 Nge7 7. 0-0 d5 8. Re1 d4 9. Nc4 e5 10. a4 0-0 11. c3 f6 12. cxd4 cxd4 13. Bd2 Be6 14. b4 Qd7 15. b5 Nd8 16. Rc1 Nf7 17. Bb4 Rfc8 18. Nfd2 Bf8 19. f4 Rc7 20. Qf3 Rac8 21. Qf2 b6 22. Rf1 exf4 23. gxf4 f5 24. Rfe1 Bg7 25. Bxe7 Qxe7 26. exf5 gxf5 27. Bd5 Nd8 28. Rxe6 Nxe6 29. Re1 Kh8 30. Rxe6 Qb4 31. Qe2 Rf8 32. Re8 Rc8 33. Rxc8 Rxc8 34. Qe6 Rf8 35. Qd7 Qxa4 36. Bf3 a6 37. Nd6 Qb4 38. Nf7+ Kg8 39. Bd5 Qxd2 40. Ng5+ Kh8 41. Nf7+ Kg8 42. Ne5+ Kh8 43. Nf7+ Kg8 1/2-1/2